000 00762aam a2200277 4500
005 20260212083447.0
008 150715b1982 xxu||||| |||| 00| 0 spa d
020 _a8482722298
041 _aESP
082 _a364 B493c
100 _aBergalli, Roberto
_929750
245 _aCrítica a la criminología: hacia una teoría crítica del control social en América Latina
260 _aColombia
260 _bEditorial Temis
260 _c1982
300 _a301 páginas
490 _aInvestigación Criminal
650 _aCRIMINOLOGÍA
650 _aCONTROL SOCIAL
650 _aAMÉRICA LATINA
650 _aDERECHO PENAL
650 _aSOCIOLOGÍA
650 _aPOLÍTICA CRIMINAL
650 _aTEORÍAS DE RELACIÓN SOCIAL
942 _cBK
_2ddc
999 _c6391
_d6391